000 01813nam a2200229Ia 4500
008 260220t1993||||xx |||||||||||||| ||spa||
040 _aPY-SlUNAC
_bspa
_erda
041 _aspa
082 _a615.1
_bC76p
245 0 _aI Congreso de la Federación Farmacéutica Sudamericana :
_blibro de comunicaciones, conferencias, simposios
264 _aMontevideo :
_bCataluya,
_c℗1993.
300 _a1 volumen
520 _aEl "I Congreso de la Federación Farmacéutica Sudamericana" es un compendio que agrupa las comunicaciones, conferencias y simposios presentados durante este evento celebrado en Montevideo en 1993. Este libro refleja el avance y la importancia de la farmacología en Sudamérica, destacando investigaciones innovadoras y prácticas clínicas relevantes en la región. Los temas abordados incluyen el desarrollo de nuevas terapias, la farmacovigilancia, la ética en la práctica farmacéutica y la formación de profesionales en el sector. Se presenta una diversidad de enfoques que abarcan tanto aspectos teóricos como aplicaciones prácticas, promoviendo un intercambio de conocimientos y experiencias entre los participantes. Esta obra no solo documenta los hallazgos y discusiones del congreso, sino que también sirve como referencia para futuros estudios y desarrollos en la farmacología sudamericana. Además, subraya la necesidad de colaboración entre países para enfrentar los desafíos comunes en el ámbito de la salud y la farmacéutica, contribuyendo al fortalecimiento de la comunidad científica en la región.
653 _aComunicaciones científicas
653 _aCongresos
653 _aFarmacia
942 _b2026/02/17
_cBK
999 _c8477
_d8477